00891nam a22002057a 4500999001900000005001700019010001200036020001100048035001200059037001400071082001300085100002900098245016300127246011600290260004400406270004900450300001700499942003200516952013700548 c173911d17391120200312113550.0 aB-50633 c120.00 aB-50633 bBPPD/Pub. a615.5403 aطاہر محمود بٹ aخواص کا انسایکلوپیڑیا: درختوں اور پودوں کے خواص /cطاہر محمود بٹ [اور] عبد الرحمان کشمیری aKhawas Ka Encyclopaedia No.3 Darakhton Aur Paudon Ke Khawas /bby Tahir Mahmood Bat [and] Abdur Rahman Kashmiri aNew DelhibFaizal Publicationsc2001 ء a2241, Koocha Chalan, DaryaganjbNew Delhie2 aصc22cm(Hb) 2ddccURh615.5403mب ٹ ط 001040708NFICaLbLd2020-03-12eBPPD/Ven.g120.00l0o615.5403 ب ٹ طpB-50633r2020-03-12 00:00:00t1v120.00w2020-03-12yUR